المعرض التشكيلي لفنانين المملكة (notice n° 9609)

détails MARC
000 -Label
leader 01006nam a2200181 4500
099 ## - Informations locales
Type de document Livre
100 ## - Données générales de traitement
a 20260402d u||y0frey5050 ba
101 ## - Langue
langue document arabe
102 ## - Pays d'édition ou de production
pays d'édition Arabie saoudite
200 ## - Titre
titre propre المعرض التشكيلي لفنانين المملكة
type de document Livre
sous-titre [Exposition à Djeddah, 2008] [Exhibition in Jeddah, 2008] [معرض بجدّة، 2008]
auteur الجمعية العربية السعودية للثقافة و الفنون بفرع جدّة
-- Saudi Arabian Association Cultural Arts
210 ## - Editeur
lieu de publication Djeddah
nom de l'éditeur الجمعية العربية السعودية للثقافة و الفنون بفرع جدّة
date de publication 2008
215 ## - Description
Importance matérielle n.p.
autres carac. couv.coul.
format 16.5 x 24
606 ## - sujets
sujet Art en Arabie Saoudite
subdiv. sujet Arts Plastiques en Arabie Saoudite
-- Calligraphie en Arabie Saoudite
-- Artistes Arabes
-- Artistes Saoudiens
koha internal code 26641
710 ## - auteur
code de fonction Auteur
élément d'entrée الجمعية العربية السعودية للثقافة و الفنون بفرع جدّة
Champ interne Koha 26642
801 ## - source de catalogage
pays TN
agence de catalogage 32BIS
date de la transaction 20260402
règles de catalogage utilisées UNIMARC
830 ## - note
catalogeur ABA
Exemplaires
Propriétaire Dépositaire Localisation Code barre Numéro Inventaire Cote Note Statut
The 32bis Library The 32bis Library Salle de lecture 32BIS 007420 7339 707.4 SAU Dépôt MAB Consultable sur place
32 bis, rue Ben Ghedhahem 1000 Tunis - Tunisie www.32bis.org
Contact : mediatheque@32bis.org